00509nam a22001697a 4500003000900000005001700009007000300026008004100029020001800070040002500088082001400113100002500127245004500152260005000197300002100247500007100268DO-SdBNP20230126103153.0ta150129e2010 dr gr 000 1 ppspa d a9789945427929 aDO-SdBNPbspacBNPHU 4bM742a2221 aMonegro, Juand1949-10aAlta presencia en Nipur /cJuan Monegro  aSanto Domingo :aMinisterio de Cultura,c2010 a171 p. :c23 cm. aIncluye datos biográficos del autor en la solapa de la cubierta.